| 000 | 00968nam0a22002411 4500 | ||
|---|---|---|---|
| 001 | rc\2685347 | ||
| 005 | 20250623160548.0 | ||
| 035 | _a(NLR Aleph) 006813672 | ||
| 090 |
_a6370190 _c6370190 |
||
| 100 | _a20110915d1933 |||y0rusy50 ca | ||
| 101 | 0 | _arus | |
| 102 | _aRU | ||
| 105 | _ay z ||||| | ||
| 200 | 1 |
_aБоевые задачи весенней посевной кампании _eДоклад на объединен. пленуме С.-К. крайкома и КрайКК ВКП(б) 27 янв. 1933 г. _fВ. Ф. Ларин |
|
| 210 |
_a[Ростов-на-Дону] _cПарт. изд-во _d1933 _gтип. им. Коминтерна |
||
| 215 |
_aОбл., 29 с. _d18х13 см. |
||
| 700 | 1 |
_aЛарин _bВ. Ф. _cпарт. деятель _f1895-1937 _gВиталий Филиппович _9199733 _3RU\NLR\AUTH\770199784 |
|
| 801 | 0 |
_aRU _bNLR _gpsbo |
|
| 801 | 1 |
_aRU _bELAR _2rusmarc |
|
| 852 |
_aNLR _j33-9/2848 |
||
| 942 | _cBOOK | ||
| 980 | _aNB | ||